Elenca la formazione - Quiz n°228 - Statistics

Statistiche generali
  • Questo quiz è stato fatto 21 volte
  • Il punteggio medio è 3 su 11
Statistiche sulle risposte
Ruolo Club dell'epoca Calciatore % Corretto
Attaccante Parma Adriano
73%
Portiere Flamengo Júlio César
67%
Difensore Bayer Leverkusen Juan
47%
Difensore Cruzeiro Maicon
40%
Difensore Benfica Luisão
33%
Centrocampista Arsenal Edu
13%
Attaccante San Paolo Luís Fabiano
13%
Centrocampista Cruzeiro Alex
7%
Centrocampista Manchester United Kléberson
7%
Difensore San Paolo Gustavo Nery
0%
Centrocampista Santos Renato
0%
Nessun quiz corrispondente trovato
Distribuzione punteggi
Percentuale di utenti per punteggio
Percentile per numero di risposta
I tuoi punteggi nel tempo
Non hai fatto questo quiz